[Event "Liguria Region-ch"]
[Site "Spotorno"]
[Date "2011.04.16"]
[Round "2"]
[White "Platino, Maurizio"]
[Black "Traverso, Massimiliano"]
[Result "0-1"]
[WhiteElo "1902"]
[BlackElo "1945"]
[PlyCount "110"]
[EventDate "2011.04.15"]
[EventType "swiss"]
[EventRounds "5"]
[EventCountry "ITA"]
[SourceTitle "EXT 2024"]
[Source "ChessBase"]
[SourceDate "2023.10.10"]
[SourceVersion "1"]
[SourceVersionDate "2023.10.10"]
[SourceQuality "1"]

1. d4 Nf6 2. c4 e6 3. Nc3 Bb4 4. Qc2 Nc6 5. Nf3 d6 6. a3 Bxc3+ 7. Qxc3 Qe7 8. Bg5 h6 9. Bxf6 Qxf6 10. e3 0-0 11. Be2 e5 12. d5 Ne7 13. e4 Qg6 14. Qe3 f5 15. exf5 Nxf5 16. Qe4 Ne7 17. Qxg6 Nxg6 18. 0-0 Nf4 19. Bd1 Bf5 20. Ne1 a5 21. b3 Rf6 22. Rc1 b6 23. Rc3 Rg6 24. Rg3 Rf6 25. Re3 g5 26. g4 Bg6 27. h3 Kg7 28. Rg3 b5 29. cxb5 Nxd5 30. Bf3 e4 31. Bg2 Nf4 32. Re3 d5 33. Nc2 Ne6 34. Rd1 Rd8 35. a4 d4 36. Ree1 d3 37. Ne3 Nd4 38. Nf5+ Nxf5 39. gxf5 Bxf5 40. Bxe4 d2 41. Re2 Bxe4 42. Rxe4 Rd7 43. h4 Rf3 44. hxg5 hxg5 45. Re3 Rxe3 46. fxe3 g4 47. Kf2 Kf6 48. Kg3 Kg5 49. Kg2 Kh4 50. Rh1+ Kg5 51. Rd1 Kf5 52. Kf2 Ke4 53. Ke2 Rd3 54. Kf2 g3+ 55. Kxg3 Kxe3 0-1

[Event "Genova Spring 7th"]
[Site "Genova"]
[Date "2004.03.14"]
[Round "4"]
[White "Gromovs, Sergejs"]
[Black "Traverso, Massimiliano"]
[Result "1-0"]
[WhiteElo "2297"]
[BlackElo "1720"]
[PlyCount "107"]
[EventDate "2004.03.12"]
[EventType "swiss"]
[EventRounds "5"]
[EventCountry "ITA"]
[SourceTitle "EXT 2024"]
[Source "ChessBase"]
[SourceDate "2023.10.10"]
[SourceVersion "1"]
[SourceVersionDate "2023.10.10"]
[SourceQuality "1"]

1. d4 d5 2. Nf3 Nf6 3. c4 e6 4. Nc3 Be7 5. Bf4 0-0 6. e3 c6 7. Qc2 Nbd7 8. a3 a6 9. h3 h6 10. Be2 dxc4 11. Bxc4 b5 12. Ba2 c5 13. Rd1 Qb6 14. 0-0 Bb7 15. Ne5 Rfd8 16. Bb1 Nf8 17. dxc5 Bxc5 18. Rxd8 Rxd8 19. Rd1 Be7 20. Rxd8 Qxd8 21. Qd3 Qxd3 22. Bxd3 N8d7 23. f3 Nxe5 24. Bxe5 Nd7 25. Bd4 Bc5 26. Bxc5 Nxc5 27. Bc2 Kf8 28. Kf2 Ke7 29. e4 Kd6 30. Ke3 f6 31. f4 Bc6 32. g3 Bb7 33. h4 Bc6 34. Ne2 Bb7 35. Nd4 Bc8 36. Nf3 Nd7 37. Kd4 e5+ 38. Kc3 Kc5 39. b4+ Kd6 40. a4 Bb7 41. Nd2 Nb6 42. axb5 axb5 43. Bd3 Bc6 44. Nb1 Kc7 45. Na3 Na4+ 46. Kb3 Kb6 47. Nc2 Bd7 48. Ne3 Be6+ 49. Kc2 Kc6 50. Be2 Nb6 51. Kc3 Na4+ 52. Kd2 Nb6 53. Kc2 Bd7 54. Bh5 1-0

[Event "Genova Spring 7th"]
[Site "Genova"]
[Date "2004.03.13"]
[Round "3"]
[White "Traverso, Massimiliano"]
[Black "Del Nevo, Claudio"]
[Result "0-1"]
[WhiteElo "1720"]
[BlackElo "1953"]
[PlyCount "48"]
[EventDate "2004.03.12"]
[EventType "swiss"]
[EventRounds "5"]
[EventCountry "ITA"]
[SourceTitle "EXT 2024"]
[Source "ChessBase"]
[SourceDate "2023.10.10"]
[SourceVersion "1"]
[SourceVersionDate "2023.10.10"]
[SourceQuality "1"]

1. e4 d6 2. d4 Nf6 3. Nc3 g6 4. Nf3 Bg7 5. Bf4 Bg4 6. h3 Bxf3 7. Qxf3 c6 8. 0-0-0 Nh5 9. Be3 Qa5 10. Bc4 0-0 11. Bb3 Nd7 12. h4 e6 13. g4 Nhf6 14. h5 c5 15. hxg6 hxg6 16. Qh3 cxd4 17. Bh6 dxc3 18. Bxg7 Qg5+ 19. Kb1 Kxg7 20. Rdf1 Rh8 21. Qxc3 Rxh1 22. Rxh1 Rh8 23. Rxh8 Kxh8 24. Ba4 Ne5 0-1